01239nab a22002057a 4500003000400000005001700004008004100021040000700062100003100069245009900100300001500199505039900214505010700613505007200720650002900792650001400821650002000835650002900855773014900884OSt20260109005259.0190514b xxu||||| |||| 00| 0 spa d cPJ aJaremczuk, Cinthia Tamara 13aLa procedencia del reclamo de alimentos hacia progenitor/a afín /cCinthia Tamara Jaremczuk. ap. 142-145 aSumario: I. Del planteo del caso.— II. Visibilización de nuevas realidades familiares. Obligación alimentaria del progenitor afín. Su regulación legal.— III. ¿Qué entiende el Código entonces por subsidiaria?— IV. Conforme al caso, ¿qué ocurre en el caso de cese de la convivencia? ¿Continúa o cesa la obligación alimentaria del progenitor afín?— V. Conclusión.  tFallo comentado: STJ Corrientes, 10/02/2025. - P. L. A. c. P. L. A. s/ alimentos (progenitor afín).  tSi te interesa el texto, comunicate a koha@justierradelfuego.gov.ar 0aCODIGO CIVIL Y COMERCIAL 0aALIMENTOS 0aPROGENITOR AFIN 0aJURISPRUDENCIA APLICABLE0 02844dBuenos Aires : AbeledoPerrot, 1989-tDerecho de familia. Revista Interdisciplinaria de doctrina y jurisprudencia. Agosto 2025-IVz18511201